000 00373 a2200145 4500
005 20250627154944.0
020 _a978-0-07-340286-4
082 _a336 COL
100 _aCOLANDER, C . D
245 _aEconomics
250 _a7th Ed.
260 _aBoston
_bMcGraw-Hill Irwin
_c2008.
300 _axxxvi,819p.; ill.; figures, pictures
_bIndex, Glossary
_c26cm
942 _2ddc
_cBKS
999 _c5730
_d5730